1270 1288 1948 1686 1908 1422 1238 1929 1577 1806 1771 1717 1808 1750 1271 1445 1918 1216 1523 1365 1737 1895 1093 1530 1768 1499 1401 1151 1927 1550 1699 1740 1728 1483 1858 1682 1636 1569 1400 1400 1435 1707 1113 1044 1760 1239 1589 1075 1934 1568 1407 1386 1827 1772 1054 1395 1070 1325 1962 1224 1964 1180 1442 1870 1815 1167 1687 1264 1509 1740 1207 1052 1237 1461 1747 1920 1149 1263 1356 1967 1569 1391 1688 1768 1692 1761 1642 1177 1191 1077 1324 1648 1096 1064 1042 1623 1164 1867 1670 BCNSPRNW ULIB Ver.6.0+V

เปลี่ยนเป็นภาษาไทย

Change to English
 แสดงรายละเอียดบรรณานุกรม
  กลับหน้าหลัก

Brief Record : Get Marc (ISO 2709) : E-mail record : QR code < ปิดหน้าต่าง
LEADER : 00000nam 2200000uu 4500
001    13399123424
003     ULIB
008    140914s2550||||th 000 0 tha d
020    9789748458182
099    นว ^bม111
100 0  มกรา
245 00 ดอลลี่ที่รัก/^cมกรา
260    กรุงเทพฯ :^b1168 พับลิชชิ่ง,^c2550
300    284 หน้า
945    ^p189^l0^i022523
999    ^aเกษร โพธิ์สุวรรณ
รายการนี้ยังไม่มีแท็ก
คุณยังไม่ได้ล็อกอิน คุณสามารถมีกิจกรรมร่วมกับเว็บไซต์ได้ แต่ต้องล็อกอินก่อน ::
  ล็อกอิน

รายการสื่อสารสนเทศ

ลำดับที่ ประเภท เลขเรียก/บาร์โค้ด สถานที่ สถานะ
1. นวนิยาย
นวนิยาย
นว ม111 ฉ.1 
  Barcode: 022523
ห้องสมุดวิทยาเขตนครสวรรค์
►นวนิยาย:l:Fiction
บนชั้น

รายการใกล้เคียง
    ผู้แต่ง [มกรา]

BibComment


ยังไม่เคยถูกคอมเมนท์

คอมเมนท์ทรัพยากรรายการนี้
  คอมเมนท์: ดอลลี่ที่รัก มกรา


 Copyright 2026. Bcnsprnw @Library